00453nam a2200157Ia 4500003000500000008004100005020001800046040001900064082000700083100002200090245007200112246005700184260003200241300000800273546001400281STCL181203s9999 xx 000 0 und d a9788184234329 aSTCLbENcSTCL 222 aWeisbord, Merrily 0aപ്രണയത്തിന്റെ രാജകുമാരി aPranayathinte Rajakumari / The Love Queen of Malabar bGreen BooksaThrissurc2015 a376 aMalayalam